Who Dies? - Sudden Death - Breaking Bad - Statistics

General Stats
  • This quiz has been taken 451 times
  • The average score is 10 of 12
Answers on the Grid
Answers color-coded by a green-red scale on the quiz's grid according to % correct below.
Gustavo Fring
Jane Margolis
Marie Schrader
Mike Ehrmantraut
Kuby
Walter White
Hank Schrader
Saul Goodman
Francesca Liddy
Andrea Cantillo
Tuco Salamanca
Skinny Pete
Gale Boetticher
Jesse Pinkman
Todd Alquist
Don Eladio Vuente
Lydia Rodarte-Quayle
Badger Mayhew
Skyler White
Hector Salamanca
 
Answer Stats
Answer % Correct
Gustavo Fring
99%
Walter White
92%
Hank Schrader
91%
Jane Margolis
91%
Mike Ehrmantraut
91%
Tuco Salamanca
87%
Hector Salamanca
84%
Gale Boetticher
81%
Don Eladio Vuente
73%
Lydia Rodarte-Quayle
70%
Todd Alquist
67%
Andrea Cantillo
65%
No matching quizzes found
Score Distribution
Percent of People with Each Score
Percentile by Number Answered
Your Score History
You have not taken this quiz